000 01071nam a2200253 a 4500
001 000048310
003 DO-SdBNP
005 20250701110657.0
008 181217s2013 dr a r 000 0 spa d
040 _aDO-SdBNP
_bspa
_cBNPHU
082 4 _a378.7293
_bR426m, 2013
_222
110 1 _aRepública Dominicana.
_bMinisterio de Educación Superior, Ciencia y Tecnología
_956809
245 1 0 _aMemorias MESCYT enero-diciembre 2012 /
_cresponsables Ligia Amada Melo de Cardona, Rafael González.
260 _aSanto Domingo :
_bMinisterio de Educación Superior Ciencia y Tecnología,
_c2013.
300 _a180 p. :
_bil. ;
_c28 cm.
590 _aInventariado, 2019 / DG
650 4 _aEducación superior
_zRepública Dominicana
_xMemorias e informes
_9736
650 4 _aInstituciones públicas
_zRepública Dominicana
_917927
651 4 _aRepública Dominicana
_xAdministración pública
_xMemorias e informes
_91286
700 1 _aMelo Cardona, Ligia Amada de
_972971
700 1 _aGonzález, Rafael
_924695
910 _aValidado. Control de calidad. MFF
942 _2ddc
_cLBS1
999 _c47798
_d47798